Macroeconomics <a> European text

Saved in:
Bibliographic Details
Main Author: Burda, Michael
Other Authors: Wyplosz, Charles
Format: Book
Language:English
Published: Oxford Oxford University Press 2005
Edition:4th ed.
Subjects:
Tags: Add Tag
No Tags, Be the first to tag this record!

MARC

LEADER 00000nam$a2200000$$$4500
001 0043757
005 20221129082747.4
020 |a 0-19-926496-1 
041 0 |a eng 
044 |a US 
245 1 0 |a Macroeconomics  |b <a> European text  |c Michael Burda and Charles Wyplosz 
250 |a 4th ed. 
264 1 |a Oxford  |b Oxford University Press  |c 2005 
300 |a xix, 576 s. 
610 2 0 |a makroekonomika 
610 2 0 |a situácia hospodárska 
610 2 0 |a politika menová 
610 2 0 |a inflácia 
610 2 0 |a cykly podnikateľské 
610 2 0 |a politika hospodárska 
610 2 0 |a systém menový medzinárodný 
100 1 |a Burda, Michael 
700 1 |a Wyplosz, Charles